UBT Library

Two careers, one family : (Record no. 40655)

000 -LEADER
fixed length control field 00837pam a2200265 a 4500
001 - CONTROL NUMBER
control field 3451760
005 - DATE AND TIME OF LATEST TRANSACTION
control field 20180122071331.0
008 - FIXED-LENGTH DATA ELEMENTS--GENERAL INFORMATION
fixed length control field 921116s1993 caua b 001 0 eng
010 ## - LIBRARY OF CONGRESS CONTROL NUMBER
LC control number 92042026
020 ## - INTERNATIONAL STANDARD BOOK NUMBER
International Standard Book Number 0803950721
020 ## - INTERNATIONAL STANDARD BOOK NUMBER
International Standard Book Number 080395073X (pbk.)
040 ## - CATALOGING SOURCE
Original cataloging agency DLC
Transcribing agency DLC
Modifying agency DLC
041 ## - LANGUAGE CODE
Language code of text/sound track or separate title eng
043 ## - GEOGRAPHIC AREA CODE
Geographic area code n-us---
080 ## - UNIVERSAL DECIMAL CLASSIFICATION NUMBER
Universal Decimal Classification number 306.872 GIL
082 00 - DEWEY DECIMAL CLASSIFICATION NUMBER
Classification number 306.872 GIL
Edition number 20
100 1# - Rafti
Rafti 51
101 ## - Shkurtesa
Shkurtesa SOC
245 10 - TITLE STATEMENT
Title Two careers, one family :
Statement of responsibility, etc Lucia Albino Gilbert.
504 ## - BIBLIOGRAPHY, ETC. NOTE
Bibliography, etc Includes bibliographical references (p. 131-142) and indexes.
740 0# - ADDED ENTRY--UNCONTROLLED RELATED/ANALYTICAL TITLE
Uncontrolled related/analytical title 2 careers, one family.
906 ## - LOCAL DATA ELEMENT F, LDF (RLIN)
a 7
b cbc
c orignew
d 1
e ocip
f 19
g y-gencatlg
942 ## - ADDED ENTRY ELEMENTS (KOHA)
Source of classification or shelving scheme
Item type Books
Holdings
Withdrawn status Lost status Source of classification or shelving scheme Damaged status Not for loan Collection code Permanent location Current location Shelving location Date acquired Total Checkouts Full call number Barcode Date last seen Price effective from Koha item type
          Koleksioni i përgjithshem UBT - Lipjan UBT - Lipjan Koleksioni i përgjithshem 01/22/2018   306.872 GIL 002-2996042 01/22/2018 01/22/2018 Books
UBT Library © 2015-2024. All rights reserved University Education for Business and Technology